| 000 | 00668nam a22002057i 4500 | ||
|---|---|---|---|
| 999 |
_c22930 _d22930 |
||
| 003 | AR-CdUCM | ||
| 008 | 240531b20232023 pe||||| |||| 00| 0 spa d | ||
| 020 | _a978-612-00-8623-0 | ||
| 040 |
_aMUNICIPALIDAD PROVINCIAL DEL CUSCO _cBIBLIOTECA MUNICIPAL DEL CUSCO |
||
| 082 |
_a869.57 / C76D _bC76D |
||
| 100 |
_aCondori Velásquez, Yhonatan. _950031 |
||
| 245 |
_aLas dos estrellas hermanas : _bLa flor en la penumbra / |
||
| 260 |
_aCusco : _c2023 |
||
| 300 |
_a672 páginas. : _c21 cm. |
||
| 650 |
_aNovela de ficción _950032 |
||
| 650 |
_aUn extraño planeta _950033 |
||
| 650 |
_aUn combate en la niebla _950034 |
||
| 942 |
_2ddc _cLIBROS |
||
| 945 |
_apbj _d2024-05-31 |
||